000 01665nam a2200217 4500
001 vtls002513960
003 MY-SjTCS
005 20200306154150.0
008 110218 1999 00 eng
020 _a0201342790
039 9 _a201910091209
_bdianafitri
_c201102181309
_dVLOAD
_y200407271942
_zVLOAD
082 0 4 _a174.4
_bLAN
100 1 _aLangford, Duncan,
_d1944-
_9207810
245 1 0 _aBusiness computer ethics /
_cDuncan Langford
260 _aHarlow, England :
_bAddison-Wesley,
_c1999
300 _axiii, 190 p. ;
_c24 cm.
505 0 _aPreface. - Acknowledgements. - Ch. 1. Why Do I Need to Read a Book About Ethics? - Ch. 2. Business Computing - and Ethics. - Ch. 3. Computer Use: the Question of Scale and Other Circumstances. - Ch. 4. How Should a Business Behave? - Ch. 5. Installing New Computers? - Ch. 6. Practical Problems. - Ch. 7 Networking and the Internet. - Ch. 8. The law and Business Computer Use. - Ch. 9. Support for Appropriate Behaviour. - Ch. 10. Summary and Conclusions. - Appendix 1. Network Etiquette. - Appendix 2. Example of an Acceptable Use Policy. - Appendix 3. Example of a Web Site Response to a 'Passing Off' Allegation. - Appendix 4. Professional Organisations for Management Available on the World Wide Web. - Appendix 5. BCS and ACM Codes of Conduct. - Appendix 6. The Data Protection Act, 1998 - Data Protection Principles and Interpretation of Principles. - Appendix 7. Risks to Business From Official Inspections. - Bibliography. - Index.
650 0 _aBusiness ethics.
_9111
650 0 _aBusiness
_xData processing
_xMoral and ethical aspects.
_9207811
920 _aCIT(DIP) : 540491, 540492, 540671, 540672, 540673
999 _c25777